000 00292nam a2200133Ia 4500
100 _aRoss/Timothy J
942 _cBK
654 _afuzzy
245 _aFuzzy logic with Engineering applications
260 _bMcGraw - Hill
_c1995
082 _a4.65
_bROS
300 _a600
546 _aENGLISH
999 _c26596
_d26596